Financial Management/ (Record no. 206965)
[ view plain ]
| 000 -LEADER | |
|---|---|
| fixed length control field | 00611nam a22001697a 4500 |
| 010 ## - LCCN (DPL NO) | |
| LC control number | ENG-142608 |
| 020 ## - INTERNATIONAL STANDARD BOOK NUMBER | |
| International Standard Book Number | 9789361599712 |
| Terms of availability | 599.00 |
| 035 ## - SYSTEM CONTROL NUMBER | |
| System control number | EN-126140 |
| 037 ## - SOURCE OF ACQUISITION | |
| Source of stock number/acquisition | DBAD |
| 082 ## - DEWEY DECIMAL CLASSIFICATION NUMBER | |
| Classification number | 658.1571 |
| 100 ## - MAIN ENTRY--PERSONAL NAME | |
| Personal name | CHUGH, AMAN |
| 245 ## - TITLE STATEMENT | |
| Title | Financial Management/ |
| Statement of responsibility, etc | Aman Chugh |
| 260 ## - PUBLICATION, DISTRIBUTION, ETC. (IMPRINT) | |
| Place of publication, distribution, etc | Noida |
| Name of publisher, distributor, etc | Pearson India Education Services Pvt. ltd |
| Date of publication, distribution, etc | 2025 |
| 270 ## - ADDRESS | |
| Address | 1st Floor, Berger Tower, plot no. C-001A/2, Sector 16B, Noida- 201 301, Uttar pradesh, India |
| City | Noida |
| Postal code | 201301 |
| Electronic mail address | companysecretary.india@pearson.com |
| 300 ## - PHYSICAL DESCRIPTION | |
| Extent | 421p: |
| Dimensions | 25cm(PB) |
| 942 ## - ADDED ENTRY ELEMENTS (KOHA) | |
| Source of classification or shelving scheme | Dewey Decimal Classification |
| Item type | English Books |
| Edition | First |
| Classification part | 658.1571 |
| Call number suffix | CHU |
| Withdrawn status | Lost status | Not for loan | Collection code | Home library | Current library | Date acquired | Source of acquisition | Cost, normal purchase price | Full call number | Barcode | Copy number | Cost, replacement price | Koha item type |
|---|---|---|---|---|---|---|---|---|---|---|---|---|---|
| Non-fiction | Bawana | Bawana | 13/11/2024 | DBAD | 599.00 | 658.1571 CHU | EN-126140 | 1 | 599.00 | English Books |
